Logo BPK

Biblioteka

Politechniki Koszalińskiej

Kurs teoreticeskoj fiziki. (Rekord nr 34832)

Szczegóły MARC
000 -ETYKIETA REKORDU
podpole kontrolne o stałej długości 00339nam a2200133 i 4500
001 - NUMER KONTROLNY REKORDU
pole kontrolne bg
040 ## - ŹRÓDŁO KATALOGOWANIA
Instytucja, która utworzyła rekord BPK
041 ## - KOD JĘZYKA
Kod języka tekstu pol
008 - POLE O STAŁEJ DŁUGOŚCI - DANE KONTROLNE
podpole kontrolne o stałej długości s pl f |000 0 pol
100 1# - NAZWA OSOBOWA
Nazwa osobowa KOMPANEEC, A. S.
245 00 - TYTUŁ/ODPOWIEDZIALNOŚĆ
Tytuł Kurs teoreticeskoj fiziki.
Oznaczenie części/sekcji dzieła T. 2,
Tytuł części/sekcji dzieła Statisticeskije zakony /
Pozostałe elementy strefy tytułu i oznaczenia odpowiedzialności A.S. Kompaneec.
260 ## - STREFA ADRESU WYDAWNICZEGO
Miejsce wydania Moskva,
Data publikacji, dystrybucji/powstania dokumentu 1975.
856 ## - LOKALIZACJA I DOSTĘP DO ELEKTRONICZNYCH DOKUMENTÓW ZDALNYCH
Link (URL) http://koha.tu.koszalin.pl/cgi-bin/koha/opac-detail.pl?biblionumber=34832
Tekst linku Katalog online BPK
942 ## - DODATKOWE ELEMENTY (KOHA)
Typ dokumentu Książka
Egzemplarze
Wycofany Status egzemplarza Uszkodzony Dostępność Lokalizacja stała Lokalizacja bieżąca Miejsce przechowywania Sygnatura Kod kreskowy Typ dokumentu Numer ubytku
      Dostępny Biblioteka Politechniki Koszalińskiej Biblioteka Politechniki Koszalińskiej Wypożyczalnia BG 16279/2 01735017 Książka  
  Egz. niedostępny   Niedostępny Biblioteka Politechniki Koszalińskiej Biblioteka Politechniki Koszalińskiej   16280/2 01735024 Książka 11554
© 2023 Biblioteka Politechniki Koszalińskiej :: KOHA